00464nam a22001217a 4500003000200000005001700002008004100019050002100060245011300081260008500194300003000279500003300309020221022092110.0221022b xxu||||| |||| 00| 0 eng d aTS155b.D45 2021 aProject management plan for cifra marketing sales and inventory management system (CSIMS)cAngelo T. De Leon aLas Pinas City, PhilippinesbSouthville International School and CollegescC2021 aviii,77pp.c28cm.fTheses aInventory management system.